000 00326nam a2200121Ia 4500
008 180117s9999 xx 000 0 und d
100 _aby AA Patawaran
245 _aWHWN
260 _c2017
300 _a22-24 pages, 2017 July 2
440 _aPhilippine Panorama
650 _aIF YOU CAN TEACH WRITING, PLEASE RAISE YOUR HAND
999 _c353649
_d353649